|
|
|
|
| LEADER |
00000nam a2200000 4500 |
| 001 |
vtls011976519 |
| 003 |
SK-MaSNL |
| 005 |
20260425224240.0 |
| 008 |
210624s2011 xo o e c 010 0dslo |
| 015 |
|
|
|a SNBE2020
|
| 020 |
|
|
|a 9788097026219
|q (brožované)
|
| 035 |
|
|
|a urn:nbn:sk:snk-am00en07
|
| 035 |
|
|
|a urn:nbn:sk:snk-am3ik9u
|
| 035 |
|
|
|a 60ABC3BF-C916-463C-B5D1-CB531CAE4C6E
|
| 040 |
|
|
|a SNK
|b slo
|c SNK
|e rda
|
| 041 |
0 |
|
|a slo
|a eng
|
| 043 |
|
|
|a e-xo---
|
| 044 |
|
|
|a xo
|c SK
|
| 072 |
|
7 |
|a 73
|x Sochárstvo, keramika, porcelán, umelecké spracovanie kovov
|2 konspekt
|
| 080 |
|
|
|a 72/79:061
|2 2011
|
| 080 |
|
|
|a 737.2
|2 2011
|
| 080 |
|
|
|a 730-022.51
|2 2011
|
| 080 |
|
|
|a (437.6)
|2 2011
|
| 080 |
|
|
|a (083.824)
|2 2011
|
| 100 |
1 |
|
|a Grniaková, Erika
|4 aut
|4 cur
|9 363826
|
| 245 |
1 |
0 |
|a Slovenská medaila 2005-2010
|c kurátorky výstavy: Magdaléna Kamhalová, Erika Grniaková, Ľuba Belohradská ; úvodný text: Ľuba Belohradská ; biografické údaje a zoznam výtvarných diel: Erika Grniaková ; anglický preklad: Mariana Pilátová ; fotografie diel: Mária Baloghová, Viliam Polák
|
| 246 |
3 |
1 |
|a Slovak Medal 2005-2010
|
| 264 |
|
1 |
|a [Nové Mesto nad Váhom]
|b WillArt
|c [2011]
|
| 300 |
|
|
|a 86 strán
|b fotografie
|c 30 cm
|
| 336 |
|
|
|a text
|b txt
|2 rdacontent
|
| 336 |
|
|
|a statický obraz
|b sti
|2 rdacontent
|
| 337 |
|
|
|a bez média
|b n
|2 rdamedia
|
| 338 |
|
|
|a zväzok
|b nc
|2 rdacarrier
|
| 366 |
|
|
|e 500 kusov
|
| 500 |
|
|
|a Venované pamiatke arch. Bernharda Hamanna (1935-2011)
|
| 500 |
|
|
|a Katalóg k výstave Združenia medailérov Slovenska: Slovenská medaila 2005-2010, Kremnica máj 2011, Bratislava august 2011
|
| 500 |
|
|
|a Vydavateľské údaje podľa NA ISBN
|
| 500 |
|
|
|a Pod názvom: Združenie medailérov Slovenska
|
| 546 |
|
|
|a Súbežný názov a text v angličtine
|
| 610 |
2 |
7 |
|a Združenie medailérov Slovenska
|2 SNKKA
|9 33123
|
| 648 |
|
7 |
|a 21. storočie
|2 SNKPH
|9 301294
|
| 648 |
|
7 |
|a 21st century
|2 SNKPHeng
|9 303236
|
| 648 |
|
7 |
|a 2005-2010
|2 SNKPH
|9 326609
|
| 650 |
0 |
7 |
|a umelecké združenia
|2 SNKPH
|9 261076
|
| 650 |
0 |
7 |
|a medailérstvo
|2 SNKPH
|9 2737
|
| 650 |
0 |
7 |
|a drobná plastika
|2 SNKPH
|9 88511
|
| 650 |
0 |
7 |
|a Art societies
|2 SNKPHeng
|9 357741
|
| 650 |
0 |
7 |
|a Medal-engraving
|2 SNKPHeng
|9 353111
|
| 650 |
0 |
7 |
|a Small sculpture
|2 SNKPHeng
|9 363827
|
| 651 |
|
7 |
|a Slovensko
|2 SNKPH
|9 14231
|
| 651 |
|
7 |
|a Slovakia
|2 SNKPHeng
|9 92630
|
| 655 |
|
7 |
|a katalógy výstav
|2 SNKPH
|9 70445
|
| 655 |
|
7 |
|a Exhibition catalogs
|2 SNKPHeng
|9 266232
|
| 700 |
1 |
|
|a Kamhalová, Magdaléna,
|d 1955-
|4 cur
|9 10235
|
| 700 |
1 |
|
|a Belohradská, Ľuba,
|d 1936-
|4 aui
|4 cur
|9 98509
|
| 700 |
1 |
|
|a Pilátová, Mariana
|4 trl
|9 363828
|
| 700 |
1 |
|
|a Baloghová, Mária
|4 pht
|9 10413
|
| 700 |
1 |
|
|a Polák, Viliam
|4 pht
|9 46354
|
| 700 |
1 |
|
|a Hamann, Bernhard,
|d 1935-2011
|4 hnr
|9 363829
|
| 919 |
|
|
|a 978-80-970262-1-9
|
| 999 |
|
|
|c 608313
|d 610243
|
| 952 |
|
|
|a SNK
|b SNK
|y PREZ
|7 0
|p 17A1427515
|o snkOSB 19983
|i snk2020/11259
|8 0
|0 0
|1 0
|4 0
|d 2020-06-24
|f 1
|l 0
|r 2026-02-23 16:15:07
|w 2026-02-23
|
| 952 |
|
|
|a SNK
|b SNK
|y VYP
|7 0
|p 17A1427516
|o snkOSB 19983 D1
|i snk2020/11260
|8 0
|0 0
|1 0
|4 0
|d 2020-06-24
|l 0
|r 2026-02-23 16:15:07
|w 2026-02-23
|